000 00415nam a22001457a 4500
008 250604b |||||||| |||| 00| 0 eng d
020 _a9781529726916
050 _aLB 1507
_b.M66
100 _aMooncy claire
245 _a9th Edition primary mathematics teaching theory& practice
260 _aLondon
_bLearning matters
_c2021
300 _a224p
650 _aEducation primary
_vEducation elementary
942 _cBK
999 _c3781
_d3781